00637cam a22002291 4500001001300000003000400013005001700017008004100034010001700075035002000092040001800112042001200130050001600142100003600158245007800194260001000272300001900282500001500301650003200316651004200348999001700390ne 68002974 DLC20260227111845.0890420s1967 xx 000 0 ara  ane 68002974  a(OCoLC)23487113 aDLCcMiUdDLC apremarc00aHC498b.H841 aḤujayr, Muḥammad Mubārak.13aal-Tansīq al-iqtiṣādī al-ṣināʻī lil-duwal al-ʻArabīyah. c1967. a360 p.c24 cm. aRomanized. 0aIndustrieszArab countries. 0aArab countriesxEconomic integration. c50642d50642